<?xml version="1.0" encoding="UTF-8"?>
<collection xmlns="http://www.loc.gov/MARC21/slim">
 <record>
  <leader>00881cam a2200205 7i4500</leader>
  <controlfield tag="001">0000144969</controlfield>
  <controlfield tag="005">20161201090000.0</controlfield>
  <controlfield tag="002">  0000010079</controlfield>
  <controlfield tag="008">161023s2015    my acd  xt    0     engr  </controlfield>
  <datafield tag="090" ind1="0" ind2="0">
   <subfield code="a">QC 611.98 .H54 </subfield>
   <subfield code="b">A3 2015</subfield>
  </datafield>
  <datafield tag="100" ind1="0" ind2="#">
   <subfield code="a">Aima Binti Ramli </subfield>
  </datafield>
  <datafield tag="245" ind1="1" ind2="0">
   <subfield code="a">Structural and electrical properties of YBCO added with Nd2O3, Gd2O3 and Sm2O3 nanoparticles  </subfield>
   <subfield code="c">Aima Binti Ramli.</subfield>
  </datafield>
  <datafield tag="260" ind1=" " ind2=" ">
   <subfield code="a">Selangor, Malaysia: </subfield>
   <subfield code="b">Universiti Putra Malaysia, </subfield>
   <subfield code="c">2015.</subfield>
  </datafield>
  <datafield tag="300" ind1=" " ind2=" ">
   <subfield code="a">xxii, 142 p.: </subfield>
   <subfield code="b">ill. (some col.); </subfield>
   <subfield code="c">26 cm..</subfield>
  </datafield>
  <datafield tag="500" ind1="#" ind2="#">
   <subfield code="a">Includes bibliographic references</subfield>
  </datafield>
  <datafield tag="504" ind1="0" ind2="0">
   <subfield code="a">Includes bibliographical  references</subfield>
  </datafield>
  <datafield tag="520" ind1="0" ind2="#">
   <subfield code="a">It is well known that the superconducting properties are strongly dependent on the synthesis technique and processing conditions.</subfield>
  </datafield>
  <datafield tag="602" ind1="#" ind2="#">
   <subfield code="a">Tesis UPM 2015</subfield>
  </datafield>
  <datafield tag="650" ind1="0" ind2="0">
   <subfield code="a">High temperature superconductivity </subfield>
  </datafield>
  <datafield tag="999" ind1=" " ind2=" ">
   <subfield code="a">1100098078</subfield>
   <subfield code="b">Book</subfield>
   <subfield code="c">Tesis</subfield>
   <subfield code="e">KOLEKSI KHAS</subfield>
  </datafield>
 </record>
</collection>
